Kajian penggunaan kayu sugi (Salvadora persica) dalam penjagaan kesihatan mulut dari perspektif Islam dan sains pergigian /
محفوظ في:
| المؤلف الرئيسي: | |
|---|---|
| التنسيق: | أطروحة كتاب |
| اللغة: | Malay |
| الموضوعات: | |
| الوسوم: |
إضافة وسم
لا توجد وسوم, كن أول من يضع وسما على هذه التسجيلة!
|
| LEADER | 01238cam a2200325 i 4500 | ||
|---|---|---|---|
| 001 | u1008608 | ||
| 003 | SIRSI | ||
| 005 | 201501080934 | ||
| 008 | 150108s2014 my a t 000 0 may m | ||
| 040 | |a UMM |e rda | ||
| 090 | |a Q180 |b UM 2014 Fatnmn | ||
| 100 | 0 | |a Fatin Nur Majdina Nordin, |e author. | |
| 245 | 1 | 0 | |a Kajian penggunaan kayu sugi (Salvadora persica) dalam penjagaan kesihatan mulut dari perspektif Islam dan sains pergigian / |c Fatin Nur Majdina bt Nordin. |
| 264 | 1 | |c 2014 | |
| 264 | 4 | |c 2014 | |
| 300 | |a xii, 181 leaves : |b illustrations ; |c 30 cm | ||
| 336 | |a text |2 rdacontent | ||
| 337 | |a unmediated |2 rdamedia | ||
| 338 | |a volume |2 rdacarrier | ||
| 502 | |b M.Phil. |c Institut Pengajian Siswazah, Universiti Malaya |d 2014. | ||
| 504 | |a Bibliography: leaves 175-181 | ||
| 650 | 0 | |a Angiosperms. | |
| 650 | 0 | |a Papaverales. | |
| 650 | 0 | |a Teeth |x Care and hygiene |z Arab countries | |
| 650 | 0 | |a Teeth |x Care and hygiene |x Religious aspects |x Islam. | |
| 650 | 0 | |a Teeth |x Care and hygiene | |
| 710 | 2 | |a Universiti Malaya. |b Institut Pengajian Siswazah, |e degree granting institution. | |
| 900 | |a ZA | ||
| 596 | |a 1 | ||
| 999 | |a Q180 UM 2014 FATNMN |w LC |c 1 |i A516077978 |d 27/10/2015 |f 27/10/2015 |g 1 |l STACKS |m P01UTAMA |r Y |s Y |t TESIS |u 19/10/2015 | ||
